| 000 | 01458nam a2200337 c 4500 | ||
|---|---|---|---|
| 003 | BLK | ||
| 005 | 20210319092723.0 | ||
| 008 | 180408b bul|||||r ||||||| ||bul|| | ||
| 010 | _aKNG00048836000 | ||
| 020 |
_a954-529-349-7 _bиздат.: Колибри |
||
| 040 | _aBLK | ||
| 041 |
_aBUL _cBUL |
||
| 080 |
_aТеория на литературата. Литературна техника _b82.01/.09 _x _z82.01/.09 |
||
| 100 | 1 |
_aПанчева, Евгения Спасова _eпърви автор _gНачева-Панчева, Евгения Спасова _9279907 |
|
| 700 | 1 |
_aЛичева, Амелия _eсъавт. _9279908 |
|
| 700 | 1 |
_aЯнакиева, Миряна _eсъавт. _9279909 |
|
| 139 |
_aПанчева, Евгения и др. _bП 20 |
||
| 245 | 1 | 0 |
_aТеория на литературата _bОт Платон до постмодернизма _cЕвгения Спасова Панчева; съавт. Амелия Личева; съавт. Миряна Янакиева. |
| 257 | _aBGR | ||
| 260 |
_аСофия _bКолибри _c2005 _fСофия : Симолини |
||
| 300 |
_a527 с. _c24 см |
||
| 380 | _a82 | ||
| 500 | _aБиблиогр. след отд. гл. | ||
| 650 | 4 |
_aЛитература - теория _9244546 |
|
| 653 | _aлитературна теория | ||
| 852 | _aЦб 222862 | ||
| 856 | 4 |
_qpdf _u |
|
| 856 | 4 |
_qpdf _u |
|
| 942 |
_cKNG _n0 _06 |
||
| 944 |
_aCR _c18.03.2005 _kЛюдмила_Стоянова |
||
| 944 |
_aED _c18.03.2009 _k |
||
| 999 |
_c45055 _d45055 |
||